000 00626nam a2200193Ia 4500
003 GCL
008 140319s9999 xx 000 0 ara d
040 _aGCL /
_cGCL
082 0 4 _a791.43 م ع
100 1 _aمحمد الصاوى
245 1 0 _aعالم السينما و النجوم /
_cمحمد الصاوى
260 _aبيروت :
_bدار الراتب الجامعية
300 _a4 مج ؛
_c20 سم
490 _aسلاسل سوفنير الجميلة
_v0
650 0 4 _aالسينما
650 0 4 _aالممثلون والممثلات
650 0 4 _aالسينمائيون المصريون
942 _2ddc
_cBK
999 _c33237
_d33237